Paris SG scorers in Ligue 1 2015-2016 - Statistics

General Stats
  • This quiz has been taken 155 times
    132 since last reset
  • The average score is 13 of 18
Answer Stats
Player Goals % Correct
Edinson Cavani 19
98%
Zlatan Ibrahimovic 38
98%
Thiago Silva 1
90%
Angel Di Maria 10
86%
Javier Pastore 2
80%
Marquinhos 1
79%
Thiago Motta 1
79%
Blaise Matuidi 4
76%
Lucas 9
75%
Ezequiel Lavezzi 2
74%
Maxwell 3
74%
Adrien Rabiot 1
73%
David Luiz 1
67%
Layvin Kurzawa 3
64%
Gregory Van der Wiel 2
62%
Serge Aurier 2
59%
Jean-Kévin Augustin 1
35%
Hervin Ongenda 1
21%
No matching quizzes found
Score Distribution
Percent of People with Each Score
Percentile by Number Answered
Your Score History
You have not taken this quiz since the last reset